The English miniature /

Bibliographic Details
Other Authors: Murdoch, John, 1945-
Format: Book
Language:English
Published: New Haven : Yale University Press, 1981.
Subjects:

MARC

Tag First Indicator Second Indicator Subfields
LEADER 00000pam a2200000 a 4500
001 in00000084224
005 20151008055721.0
008 811030s1981 ctuac b 00100 eng
010 |a  81070055  
020 |a 0300027699 
020 |a 0300027788 (pbk.) 
035 |a (OCoLC)07947687 
035 |9 AAJ4195AM 
039 0 |a 2  |b 3  |c 3  |d 3  |e 3 
040 |a DLC  |c DLC  |d TXA  |d UtOrBLW 
043 |a e-uk-en 
049 |a TXAM  |c [800933] 
050 0 0 |a ND2202.G7  |b E5 
082 0 |a 757/.7/0942  |2 19 
245 0 4 |a The English miniature /  |c John Murdoch [and others]. 
264 1 |a New Haven :  |b Yale University Press,  |c 1981. 
300 |a vi, 230 pages :  |b illustrations (some color), portraits ;  |c 27 cm. 
336 |a text  |b txt  |2 rdacontent 
337 |a unmediated  |b n  |2 rdamedia 
338 |a volume  |b nc  |2 rdacarrier 
504 |a Includes bibliographical references and index. 
650 0 |a Portrait miniatures, English. 
650 0 |a Watercolor painting, English. 
700 1 |a Murdoch, John,  |d 1945- 
999 |a MARS 
999 f f |s 78b6eb5e-8588-3139-8561-ca2383d6ffe6  |i 48a49cc9-233d-3612-8fff-4035f4bf7ed7  |t 0 
952 f f |p normal  |a Texas A&M University  |b College Station  |c Sterling C. Evans Library  |d Evans: Library Stacks  |t 0  |e ND2202.G7 E5  |h Library of Congress classification  |i unmediated -- volume  |m A14806170266 
998 f f |a ND2202.G7 E5  |t 0  |l Evans: Library Stacks